Chemical constituents of fruits of Khaya senegalensis A. Juss growing in Vietnam /

Guardado en:
Detalles Bibliográficos
Autor principal: Vu Thi Hien.
Otros Autores: Vu Dinh Hoang.
Formato: Artículo
Lenguaje:Vietnamese
Materias:
Etiquetas: Agregar Etiqueta
Sin Etiquetas, Sea el primero en etiquetar este registro!
Thư viện lưu trữ: Thư viện Trường Đại học Đà Lạt
LEADER 00917nam a2200325 4500
001 DLU180185320
005 ##20180530
040 # # |a DLU  |b vie 
041 # # |a vie 
044 # # |a vn 
100 # # |a Vu Thi Hien. 
245 # # |a Chemical constituents of fruits of Khaya senegalensis A. Juss growing in Vietnam /  |c Vu Thi Hien, Vu Dinh Hoang. 
653 # # |a 6-acetoxy-methyl angolensate 
653 # # |a Epicatechin 
653 # # |a Khaya senegalensis 
653 # # |a Khayanolide B 
653 # # |a Khayanone 
653 # # |a Quercitrin 
653 # # |a Seneganolide 
700 # # |a Vu Dinh Hoang. 
773 # # |t Hóa học  |g Số 6, 2016, tr. 781-785 
920 # # |a Phòng Tạp chí -- Trung tâm Thông tin - Thư viện Trường Đại học Đà Lạt 
994 # # |a DLU 
900 # # |a True 
911 # # |a Hoàng Thị Huyền 
925 # # |a G 
926 # # |a A 
927 # # |a BB 
980 # # |a Thư viện Trường Đại học Đà Lạt